00863nam a2200229 i 450000100060000000300090000600500170001500700030003200800390003502000180007402000180009208000330011024501220014326000720026530000230033765000370036070000410039770000340043885200220047299900170049495201220051142584ES-MaACL20251017121821.0t|030407s2002 sp ||||0| spa a84-8109-372-6 a84-226-8096-3 a821.111(73)-34"18/19"(082.2)00aAntología del cuento norteamericano / cselección y prólogo de Richard Ford ; presentación de Carlos Fuentes. aBarcelona : bGalaxia Gutenberg : bCírculo de Lectores, c[2002] a1265 p. ; c21 cm. aCuentos norteamericanos.91565531 aFuentes, Carlos, d1928-201292423780 aFord, Richard, d1944-951711 aES-MaACLjL-26217 c42584d42584 00104070aATENEOMbATENEOMcDEPO2d2008-01-17eSCl0oL-26217p1044828r2023-02-23 00:00:00w2023-02-23yMONOGRAFIA